Perceiving Orthodoxy: Heresiology and the Spiritual Senses

Saved in:  
Bibliographic Details
Main Author: Abbott, Philip (Author)
Format: Electronic Article
Language:English
Check availability: HBZ Gateway
Interlibrary Loan:Interlibrary Loan for the Fachinformationsdienste (Specialized Information Services in Germany)
Published: 2025
In: Early christianity
Year: 2025, Volume: 16, Issue: 4, Pages: 461-479
Standardized Subjects / Keyword chains:B Meaning / Senses / Heresy / Häresiographie / Coptic literature / Nag Hammadi Texts / Nag Hammadi Texts 9 / Nag Hammadi Texts 7
RelBib Classification:BF Gnosticism
KAB Church history 30-500; early Christianity
TB Antiquity
Further subjects:B heresiology
B Spiritual Senses
B Testimony of truth
B Apocalypse of Peter
B Nag Hammadi
B Gnosticism
B Orthodoxy
Online Access: Volltext (lizenzpflichtig)
Volltext (lizenzpflichtig)

MARC

LEADER 00000caa a2200000 c 4500
001 1963504461
003 DE-627
005 20260404175310.0
007 cr uuu---uuuuu
008 260305s2025 xx |||||o 00| ||eng c
024 7 |a 10.1628/ec-2025-0030  |2 doi 
035 |a (DE-627)1963504461 
035 |a (DE-599)KXP1963504461 
040 |a DE-627  |b ger  |c DE-627  |e rda 
041 |a eng 
084 |a 1  |2 ssgn 
100 1 |e VerfasserIn  |0 (DE-588)1337009016  |0 (DE-627)1896614582  |4 aut  |a Abbott, Philip 
109 |a Abbott, Philip 
245 1 0 |a Perceiving Orthodoxy  |b Heresiology and the Spiritual Senses  |c Philip Abbott 
264 1 |c 2025 
336 |a Text  |b txt  |2 rdacontent 
337 |a Computermedien  |b c  |2 rdamedia 
338 |a Online-Ressource  |b cr  |2 rdacarrier 
601 |a Spiritual 
650 4 |a Apocalypse of Peter 
650 4 |a Gnosticism 
650 4 |a Nag Hammadi 
650 4 |a Testimony of truth 
650 4 |a heresiology 
650 4 |a Orthodoxy 
650 4 |a Spiritual Senses 
652 |a BF:KAB:TB 
689 0 0 |d s  |0 (DE-588)4133154-0  |0 (DE-627)105682195  |0 (DE-576)209641525  |2 gnd  |a Sinn 
689 0 1 |d s  |0 (DE-588)4055113-1  |0 (DE-627)104452048  |0 (DE-576)209112247  |2 gnd  |a Sinne 
689 0 2 |d s  |0 (DE-588)4022838-1  |0 (DE-627)104467096  |0 (DE-576)208946047  |2 gnd  |a Häresie 
689 0 3 |d s  |0 (DE-588)1343040388  |0 (DE-627)1903410487  |2 gnd  |a Häresiographie 
689 0 4 |d s  |0 (DE-588)4333516-0  |0 (DE-627)148059651  |0 (DE-576)211341002  |2 gnd  |a Koptische Literatur 
689 0 5 |d u  |0 (DE-588)1034033395  |0 (DE-627)74394836X  |0 (DE-576)381679012  |a Nag-Hammadi-Schriften  |2 gnd 
689 0 6 |d u  |0 (DE-588)134417227X  |0 (DE-627)190499458X  |a Nag-Hammadi-Schriften  |2 gnd  |n 9 
689 0 7 |d u  |0 (DE-588)1344172903  |0 (DE-627)1905003021  |0 (DE-576)458719129  |a Nag-Hammadi-Schriften  |2 gnd  |n 7 
689 0 |5 (DE-627) 
773 0 8 |i Enthalten in  |t Early christianity  |d Tübingen : Mohr Siebeck, 2010  |g 16(2025), 4, Seite 461-479  |h Online-Ressource  |w (DE-627)62014789X  |w (DE-600)2541991-2  |w (DE-576)325341478  |x 1868-8020  |7 nnas 
773 1 8 |g volume:16  |g year:2025  |g number:4  |g pages:461-479 
856 4 0 |u https://doi.org/10.1628/ec-2025-0030  |x Resolving-System  |z lizenzpflichtig  |3 Volltext  |7 1 
856 4 0 |u https://www.mohrsiebeck.com/artikel/perceiving-orthodoxy-101628ec-2025-0030/  |x Verlag  |z lizenzpflichtig  |3 Volltext  |7 1 
935 |a BIIN 
951 |a AR 
BIB |a 1 
ELC |a 1 
ITA |a 1  |t 1 
LOK |0 000 xxxxxcx a22 zn 4500 
LOK |0 001 4929106109 
LOK |0 003 DE-627 
LOK |0 004 1963504461 
LOK |0 005 20260404175310 
LOK |0 008 260305||||||||||||||||ger||||||| 
LOK |0 040   |a DE-Tue135-1  |c DE-627  |d DE-Tue135-1 
LOK |0 852   |a DE-Tue135-1 
LOK |0 852 1  |m p  |9 00 
LOK |0 852 2  |b FTH Z4-208 / www  |9 00 
LOK |0 85640  |u https://bibsearch.uibk.ac.at/AC07845548 
LOK |0 85640  |u https://bibsearch.uibk.ac.at/permalink/f/1po5meu/UIB_alma51227208570003333 
LOK |0 935   |a inzs  |a inzo 
LOK |0 936ln  |0 1442043415  |a BF 
LOK |0 936ln  |0 1442044284  |a KAB 
LOK |0 936ln  |0 1442053534  |a TB 
LOK |0 938   |k p 
LOK |0 939   |a 2026-03-05  |b l01 
ORI |a TA-MARC-ixtheoa001.raw 
REL |a 1 
STA 0 0 |a Coptic literature,Copts,Heresy,Heresy,Heterodoxy,Heresy,Meaning,Question of meaning,Meaning (Philosophy),Nag Hammadi Texts,Senses,Senses 
STB 0 0 |a Hérésie,Hérésies chrétiennes,Hérésie,Littérature copte,Sens,Sens,Cinq sens,Cinq sens,Cinq sens (motif),Cinq sens,Sens,Signification,Signification,Signification (philosophie) 
STC 0 0 |a Herejía,Herejía,Herejía,Literatura copta,Sentido,Significación (Psicología),Sentidos,Sentidos 
STD 0 0 |a Eresia,Eresia,Letteratura copta,Sensi <motivo>,Sensi,Cinque sensi,Cinque sensi,Cinque sensi (motivo),Cinque sensi,Senso,Significato,Significato 
STE 0 0 |a 异端,异端,意义,含义 
STF 0 0 |a 意義,含義,感官,異端,異端 
STG 0 0 |a Heresia,Heresia,Literatura copta,Sentido,Sentidos,Sentidos 
STH 0 0 |a Ересь (мотив),Ересь,Коптская литература,Смысл,Чувства (мотив),Чувства 
STI 0 0 |a Αίρεση (μοτίβο),Αίρεση,Αισθήσεις (μοτίβο),Αισθήσεις,Κοπτική λογοτεχνία,Νόημα 
SUB |a BIB  |a REL 
SYG 0 0 |a Sinnfrage , Die fünf Sinne,Sinn , Irrlehre,Ketzerei,Heterodoxie , Häresiografie , Nag-Hammadi-Texte,Nag-Hammadi-Bibliothek,Nag-Hammadi-Codices,Nag Hammadi-Schriften,Nag Hammadi Codices,Nag Hammadi-Handschriften,Nag Hammadi Codex , NHC,IX,NH,IX,Nag-Hammadi-Schriften,Cod. IX,Nag-Hammadi-Schriften,Codex IX,Handschrift,NHC IX,Handschrift,NH IX , NHC,VII,NH,VII,Nag-Hammadi-Schriften,Cod. VII,Nag-Hammadi-Schriften,Codex VII,Handschrift,NHC VII,Handschrift,NH VII